काव्यप्रकाश, हिन्दी व्या- विश्वेश्वर, संपा0 नगेन्द्र (Record no. 118014)
[ view plain ]
| 000 -LEADER | |
|---|---|
| fixed length control field | 00921nam a2200253Ia 4500 |
| 003 - CONTROL NUMBER IDENTIFIER | |
| control field | OSt |
| 005 - DATE AND TIME OF LATEST TRANSACTION | |
| control field | 20220918112033.0 |
| 008 - FIXED-LENGTH DATA ELEMENTS--GENERAL INFORMATION | |
| fixed length control field | 220915b |||||||| |||| 00| 0 hin d |
| 037 ## - SOURCE OF ACQUISITION | |
| Terms of availability | Textbook |
| 040 ## - CATALOGING SOURCE | |
| Language of cataloging | hin |
| Original cataloging agency | ARTS |
| Transcribing agency | ARTS |
| 041 ## - LANGUAGE CODE | |
| Language code of text/sound track or separate title | hin |
| 100 ## - MAIN ENTRY--PERSONAL NAME | |
| Personal name | मम्मट |
| 9 (RLIN) | 1683 |
| 245 #0 - TITLE STATEMENT | |
| Title | काव्यप्रकाश, हिन्दी व्या- विश्वेश्वर, संपा0 नगेन्द्र |
| 246 ## - VARYING FORM OF TITLE | |
| Title proper/short title | Kāvyaprakāsha, hindī vyā- vishveshvara, sanpā0 nagendra |
| 260 ## - PUBLICATION, DISTRIBUTION, ETC. | |
| Place of publication, distribution, etc. | वाराणसी |
| Name of publisher, distributor, etc. | ज्ञानमण्डल भारत |
| Date of publication, distribution, etc. | 1974 |
| 300 ## - PHYSICAL DESCRIPTION | |
| Extent | 600पण् |
| Dimensions | cm. |
| 650 ## - SUBJECT ADDED ENTRY--TOPICAL TERM | |
| Topical term or geographic name entry element | हिन्दी साहित्य |
| 942 ## - ADDED ENTRY ELEMENTS (KOHA) | |
| Classification part | O15:gx8,1, 152L4-;1(TTPH) |
| Koha item type | Textbook |
| Source of classification or shelving scheme | Colon Classification (CC) |
No items available.
